| 000 | 00526nam a22001577a 4500 | ||
|---|---|---|---|
| 003 | macl | ||
| 005 | 20170118124630.0 | ||
| 008 | 170118b xxu||||| |||| 00| 0 eng d | ||
| 040 | _cmacl | ||
| 082 | _a910 | ||
| 100 |
_aआर्य जियालाल _957036 |
||
| 245 | _aविश्प हिन्दी यात्रा | ||
| 260 |
_aदिल्ली _bविश्व हिन्दी साहित्य परिषद् _c2016 |
||
| 650 |
_aयात्रा _966571 |
||
| 942 |
_2ddc _cHIN |
||
| 999 |
_c55943 _d55943 |
||